Statistics for 2023-24 NFL WEEK 1 WR SNAP COUNT LEADERS

Click here to take the quiz!

General Stats

  • This quiz has been taken 72 times
  • The average score is 24 of 32

Answer Stats

HintAnswer% Correct
DET 94%Amon-Ra St. Brown
98%
DAL 79%CeeDee Lamb
90%
LV 90%Davante Adams
90%
CHI 92%DJ Moore
90%
CIN 96%Ja'Marr Chase
90%
MIN 98%Justin Jefferson
90%
MIA 66%Tyreek Hill
90%
LAR 93%Van Jefferson
90%
PHI 98%DeVonta Smith
88%
KC 69%Skyy Moore
88%
IND 97%Michael Pittman Jr
84%
DEN 86%Courtland Sutton
83%
BUF 94%Gabe Davis
83%
SF 87%Deebo Samuel
81%
ATL 90%Drake London
81%
CLE 89%Donovan Peoples-Jones
79%
NYJ 93%Garrett Wilson
79%
LAC 91%Keenan Allen
79%
ARI 90%Michael Wilson
79%
SEA 94%DK Metcalf
78%
PIT 89%George Pickens / Allen Robinson II
78%
TB 85%Chris Godwin
76%
BAL 92%Odell Beckham Jr
74%
WAS 89%Terry McLaurin
72%
JAX 89%Zay Jones
67%
NO 80%Michael Thomas
64%
NE 91%Kendrick Bourne
52%
NYG 67%Parris Campbell / Darius Slayton
52%
TEN 90%Treylon Burks
50%
HOU 75%Robert Woods
45%
CAR 90%Terrace Marshall Jr
22%
GB 62%Dontayvion Wicks
17%

Score Distribution

Percentile by Number Answered

Percent of People with Each Score

Your Score History

You have not taken this quiz